00597nam a22001937a 450000500170000001000130001702000260003003500130005603700160006904000120008508200170009710000300011424500730014426000350021727000760025230000210032865000290034965000250037820170124110206.0 aB-058967 c450.00a9788178880099 aB-058967 bCen Lib/Ret aDPLbEN a005.754bBHA aBhattacharjee, Satyapriya aA textbook of client/server computing /cby Satyapriya Bhattacharjee bDominant PublishersaNew Delhi bNew Delhia4378/4-B, Murari Lal Street, Ansari Road, Darya Ganje110002 a208p. c22cm(Hb) a Client/server computing aComputers -- Servers